[Event "SVK-ch U14 Girls"]
[Site "Dudince"]
[Date "2023.04.18"]
[Round "4"]
[White "Rachelova, Nikola"]
[Black "Sekova, Olivia"]
[Result "0-1"]
[WhiteElo "1160"]
[BlackElo "1827"]
[PlyCount "144"]
[EventDate "2023.04.16"]
[EventType "swiss"]
[EventRounds "9"]
[EventCountry "SVK"]
[SourceTitle "CBM 213 Extra"]
[Source "ChessBase"]
[SourceDate "2023.05.31"]
[SourceVersion "1"]
[SourceVersionDate "2023.05.31"]
[SourceQuality "1"]

1. e4 c5 2. Nf3 e6 3. d4 cxd4 4. Nxd4 Nf6 5. Nc3 d6 6. Bd3 a6 7. a4 b6 8. 0-0 Qc7 9. Bd2 Be7 10. Kh1 Nbd7 11. Re1 Bb7 12. Qe2 0-0 13. f4 Nc5 14. e5 dxe5 15. fxe5 Nd5 16. Nxd5 Bxd5 17. Qg4 Nxd3 18. cxd3 Rfd8 19. Qg3 Qb7 20. Re2 Bf8 21. Nc2 Bb3 22. Bh6 Rac8 23. Ne1 Kh8 24. Bg5 Rd4 25. Be3 Rxa4 26. Rxa4 Bxa4 27. Qf4 Bb5 28. Rf2 Rc7 29. h4 Kg8 30. Qg4 Qd5 31. Bxb6 Qxe5 32. Re2 Qd6 33. Bxc7 Qxc7 34. Rc2 Qa5 35. Qe2 Qa4 36. Nf3 h6 37. g3 Qg4 38. Kg2 Qf5 39. Qe4 Bxd3 40. Qxf5 Bxf5 41. Rc6 a5 42. Rc7 Bd6 43. Rb7 Kf8 44. Ra7 Bb4 45. Ne5 Be4+ 46. Kh2 f6 47. Nc4 g5 48. hxg5 hxg5 49. Nxa5 f5 50. Nc4 Bd5 51. Ne5 Ke8 52. Rg7 Kf8 53. Rd7 f4 54. gxf4 gxf4 55. Kh3 f3 56. Kg3 Be1+ 57. Kh3 f2 58. Rf7+ Ke8 59. Rxf2 Bxf2 60. b4 Bd4 61. Nd3 Bc4 62. Nc5 Bxc5 63. bxc5 Kd7 64. Kg3 Kc6 65. Kf4 Kxc5 66. Ke5 Bd5 67. Kf4 Kd4 68. Kg3 e5 69. Kf2 e4 70. Ke2 e3 71. Kd1 Kd3 72. Ke1 e2 0-1

[Event "SVK-chT5 A22 2223"]
[Site "Slovakia"]
[Date "2022.12.03"]
[Round "3.3"]
[White "Vida, Gergo1111"]
[Black "Rachelova, Nikola"]
[Result "1/2-1/2"]
[WhiteElo "1359"]
[BlackElo "1135"]
[PlyCount "47"]
[EventDate "2022.10.15"]
[EventType "team-tourn"]
[EventRounds "9"]
[EventCountry "SVK"]
[SourceTitle "EXT 2024"]
[Source "ChessBase"]
[SourceDate "2023.10.10"]
[SourceVersion "1"]
[SourceVersionDate "2023.10.10"]
[SourceQuality "1"]
[WhiteTeam "Dunajska Streda IV"]
[BlackTeam "Dunajska Streda V"]
[WhiteTeamCountry "SVK"]
[BlackTeamCountry "SVK"]

1. d4 Nf6 2. c4 e6 3. Nf3 d5 4. Nc3 dxc4 5. e4 Bb4 6. Bxc4 Bxc3+ 7. bxc3 Nxe4 8. Qc2 Nf6 9. Ba3 Nc6 10. Bb5 Bd7 11. Rb1 a6 12. Bxc6 Bxc6 13. Qe2 Nd5 14. Qd2 Ne7 15. Qd3 Qd5 16. Rb2 Qe4+ 17. Qxe4 Bxe4 18. Ke2 Bc6 19. Rg1 Nd5 20. c4 Nb6 21. Ne5 Rd8 22. Nxc6 bxc6 23. Kd3 e5 24. c5 1/2-1/2

[Event "SVK-ch U14 Girls"]
[Site "Stara Lubovna"]
[Date "2022.05.21"]
[Round "1"]
[White "Rachelova, Nikola"]
[Black "Sekova, Olivia"]
[Result "0-1"]
[WhiteElo "1020"]
[BlackElo "1708"]
[PlyCount "132"]
[EventDate "2022.05.21"]
[EventType "swiss"]
[EventRounds "9"]
[EventCountry "SVK"]
[SourceTitle "CBM 208 Extra"]
[Source "ChessBase"]
[SourceDate "2022.07.31"]
[SourceVersion "1"]
[SourceVersionDate "2022.07.31"]
[SourceQuality "1"]

1. d4 Nf6 2. c4 e6 3. a3 d5 4. e3 dxc4 5. Bxc4 Nc6 6. Nf3 Bd6 7. 0-0 0-0 8. Nc3 e5 9. Qc2 exd4 10. exd4 Bg4 11. Qd3 Bxf3 12. Qxf3 Nxd4 13. Qxb7 Qe7 14. g3 Rab8 15. Qg2 Rfe8 16. b4 Nc2 17. Rb1 Ne1 18. Qh3 Nf3+ 19. Kh1 Qe5 20. Bb2 Qd4 21. Be2 Ng5 22. Qg2 Qb6 23. Bb5 Re5 24. a4 Nge4 25. Nxe4 Nxe4 26. Bxe5 Nd2 27. Bxd6 Nxf1 28. Qxf1 Qxd6 29. Qd3 Qf6 30. Qe3 a6 31. Re1 g6 32. Qe5 Qf3+ 33. Kg1 axb5 34. axb5 Qb7 35. Rb1 Qxb5 36. Qxc7 Re8 37. Qc5 Re5 38. Qxb5 Rxb5 39. Kf1 Kf8 40. Ke2 Ke7 41. Kd3 Kd6 42. Kc4 Rf5 43. b5 Rxf2 44. b6 Rc2+ 45. Kb5 Kd7 46. b7 Kc7 47. Ka6 Ra2+ 48. Kb5 Kxb7 49. Kc4+ Kc6 50. h4 Rg2 51. Rb3 Kd6 52. Re3 f5 53. Kd4 f4 54. gxf4 Rg4 55. Rh3 Rxf4+ 56. Ke3 Ke5 57. Rh2 Kf5 58. Rh1 h6 59. Rh2 g5 60. hxg5 hxg5 61. Rg2 g4 62. Rg3 Re4+ 63. Kf2 Kf4 64. Rg2 Rc4 65. Kg1 g3 66. Kf1 Kf3 0-1

[Event "SVK-ch U12 Girls"]
[Site "Stara Lubovna"]
[Date "2021.07.03"]
[Round "9"]
[White "Horvathova, Hana"]
[Black "Rachelova, Nikola"]
[Result "1-0"]
[WhiteElo "1336"]
[BlackElo "1000"]
[PlyCount "47"]
[EventDate "2021.06.26"]
[EventType "swiss"]
[EventRounds "9"]
[EventCountry "SVK"]
[SourceTitle "CBM 203 Extra"]
[Source "ChessBase"]
[SourceDate "2021.09.30"]
[SourceVersion "1"]
[SourceVersionDate "2021.09.30"]
[SourceQuality "1"]

1. e4 c5 2. Nf3 Nc6 3. d4 d5 4. exd5 Qxd5 5. Nc3 Qd8 6. dxc5 Qxd1+ 7. Nxd1 Bf5 8. Ne3 Be4 9. Be2 e6 10. 0-0 Bxc5 11. c3 Nge7 12. Nc4 0-0 13. Be3 b6 14. Bxc5 bxc5 15. Nfe5 Rfd8 16. Rad1 Bd5 17. a3 Bxc4 18. Nxc4 a5 19. h3 Rab8 20. Bf3 h6 21. Rfe1 a4 22. Rxd8+ Rxd8 23. Nb6 Ne5 24. Rxe5 1-0

[Event "SVK-ch U12 Girls"]
[Site "Stara Lubovna"]
[Date "2021.06.27"]
[Round "2"]
[White "Rachelova, Nikola"]
[Black "Krajnakova, Martina"]
[Result "1/2-1/2"]
[WhiteElo "1000"]
[BlackElo "1039"]
[PlyCount "61"]
[EventDate "2021.06.26"]
[EventType "swiss"]
[EventRounds "9"]
[EventCountry "SVK"]
[SourceTitle "CBM 203 Extra"]
[Source "ChessBase"]
[SourceDate "2021.09.30"]
[SourceVersion "1"]
[SourceVersionDate "2021.09.30"]
[SourceQuality "1"]

1. d4 d5 2. c4 e6 3. Nf3 Nf6 4. e3 Nc6 5. Be2 Bd7 6. 0-0 b6 7. Nc3 Be7 8. Bd2 Ne4 9. cxd5 Nxc3 10. Bxc3 exd5 11. b3 0-0 12. a4 a6 13. Qd2 a5 14. h3 Bf5 15. Bb5 Nb4 16. Rfe1 Be4 17. Qe2 Rc8 18. Qd1 Nc2 19. Rf1 Nxa1 20. Qxa1 c6 21. Be2 Re8 22. Qc1 c5 23. dxc5 Bxc5 24. Bb5 Re7 25. Qd1 Ba3 26. Qd4 f6 27. Ba6 Bc5 28. Qd1 Rcc7 29. Nd4 Ba3 30. Nb5 Rc6 31. Nxa3 1/2-1/2

[Event "SVK-ch U12 Girls"]
[Site "Lubovna"]
[Date "2020.08.22"]
[Round "9"]
[White "Rachelova, Nikola"]
[Black "Sekova, Olivia"]
[Result "0-1"]
[WhiteElo "1000"]
[BlackElo "1312"]
[PlyCount "34"]
[EventDate "2020.08.15"]
[EventType "tourn"]
[EventRounds "9"]
[EventCountry "SVK"]
[SourceTitle "EXT 2021"]
[Source "ChessBase"]
[SourceDate "2020.10.23"]
[SourceVersion "1"]
[SourceVersionDate "2020.10.23"]
[SourceQuality "1"]

1. e4 c5 2. Nf3 d6 3. d4 cxd4 4. Nxd4 g6 5. Be3 Bg7 6. Be2 Nf6 7. Nc3 Nc6 8. Nxc6 bxc6 9. Bf3 Qc7 10. Be2 0-0 11. f3 Be6 12. Qd2 Rfd8 13. 0-0-0 Qa5 14. Kb1 Rdb8 15. h4 Nxe4 16. fxe4 Bxc3 17. Qc1 Qxa2# 0-1

[Event "SVK-ch U10 Girls"]
[Site "Liptovsky Mikulas"]
[Date "2019.04.23"]
[Round "1"]
[White "Knapova, Nicol1111"]
[Black "Rachelova, Nikola"]
[Result "1-0"]
[WhiteElo "1112"]
[BlackElo "1000"]
[PlyCount "33"]
[EventDate "2019.04.23"]
[EventType "swiss"]
[EventRounds "9"]
[EventCountry "SVK"]
[SourceTitle "CBM 190 Extra"]
[Source "ChessBase"]
[SourceDate "2019.07.15"]
[SourceVersion "1"]
[SourceVersionDate "2019.07.15"]
[SourceQuality "1"]

1. e4 e5 2. Nf3 Nc6 3. Bc4 Nf6 4. d3 Bc5 5. Bg5 h6 6. Bh4 d6 7. Nc3 Bg4 8. h3 Bd7 9. Nd5 0-0 10. Nxf6+ gxf6 11. Qd2 Rc8 12. Qxh6 Re8 13. Qxf6 Nb4 14. Qxf7+ Kh8 15. Bf6+ Qxf6 16. Qxf6+ Kh7 17. Ng5# 1-0